000
00507nam a2200181Ia 4500
008
090123s9999 xx 000 0 und d
082
_b
23379
100
_a
खिरे जयश्री
245
_a
मोतिया
250
_a
0
260
_b
दिलिपराज प्रकाशन
_c
1994
300
_a
139
600
_a
खिरे जयश्री
630
_a
मोतिया
700
_a
खिरे जयश्री
730
_a
मोतिया
942
_c
BOOK
999
_c
61450
_d
61450